|
|
|
|
| LEADER |
00000nab a2200000 ar4500 |
| 001 |
vtls008831878 |
| 003 |
SK-MaSNL |
| 005 |
20260305034015.0 |
| 008 |
060718c20060209xo mr|p|||||||000 b|slo |
| 038 |
|
|
|a SNSK
|
| 040 |
|
|
|b slo
|c SNSK
|e AACR2
|
| 041 |
|
|
|a slo
|
| 044 |
|
|
|a xo
|c SK
|
| 080 |
|
|
|a 343.77(437.6)
|2 2001
|
| 080 |
|
|
|a 598.91
|2 1997
|
| 245 |
0 |
0 |
|a Orla postrelil a nechal napospas osudu!
|b ochranári v Slovenskom krase sú z vyčíňania pytliaka zdesení
|c [autor](kz)
|
| 300 |
|
|
|b Fotogr.
|
| 650 |
0 |
7 |
|a pytliactvo
|2 snsk
|9 2844
|
| 650 |
0 |
7 |
|a orol kráľovský
|2 snsk
|9 23652
|
| 651 |
|
7 |
|a Slovenský kras (Slovensko : pohorie)
|2 snsk
|9 14008
|
| 651 |
|
7 |
|a Národný park Slovenský kras (Slovensko)
|2 snsk
|9 73258
|
| 651 |
|
7 |
|a Rožňava (Slovensko : okres)
|2 snsk
|9 19215
|
| 773 |
0 |
|
|t Nový Čas
|g Roč. 16, č. 33 (9.2.2006), s. 11.
|x 1335-4655
|
| 852 |
|
|
|a SNSK
|b KIS3GCP
|
| 999 |
|
|
|c 3327324
|d 3329254
|